000
00303nam a22001337a 4500
008
170614b xxu||||| |||| 00| 0 eng d
020
_a
0316231347
041
_a
eng
080
_2
3RD
_a
34
100
_a
14
101
_a
SHJ
245
_a
FUNDAMENTALS OF PARALEGALISM
_c
EIMERMANN,TH.E
942
_2
udc
_c
BK
999
_c
17399
_d
17399